Vývojové nástroje a prostredia na vývoj ekonomických aplikácií
Systémy automatizácie projektovania a programovania. Systémy CASE - Computer aided software engineering ako najpoužívanejšie vývojové nástroje. Definície systémov CASE. Spoločné charakteristiky systémov CASE. Systémy CABE a ich charakteristika. IDE - Integrated development environment a ich charakte...
Enregistré dans:
| Auteur principal: | |
|---|---|
| Format: | Chapitre de livre |
| Langue: | slovaque |
| Sujets: | |
| Tags: |
Pas de tags, Soyez le premier à ajouter un tag!
|
MARC
| LEADER | 00000nla$a2200000$$$4500 | ||
|---|---|---|---|
| 001 | 0124271 | ||
| 005 | 20240502072413.8 | ||
| 041 | 0 | |a slo | |
| 044 | |a SK | ||
| 245 | 1 | 0 | |a Vývojové nástroje a prostredia na vývoj ekonomických aplikácií |c Martin Blahušiak |
| 520 | |a Systémy automatizácie projektovania a programovania. Systémy CASE - Computer aided software engineering ako najpoužívanejšie vývojové nástroje. Definície systémov CASE. Spoločné charakteristiky systémov CASE. Systémy CABE a ich charakteristika. IDE - Integrated development environment a ich charakteristika. Zhrnutie a trendy rozvoja. Návrh nového vývojového nástroja. | ||
| 610 | 2 | 0 | |a softvér |
| 610 | 2 | 0 | |a počítače |
| 610 | 2 | 0 | |a vývoj |
| 610 | 2 | 0 | |a programovanie |
| 610 | 2 | 0 | |a projektovanie |
| 610 | 2 | 0 | |a systémy informačné |
| 100 | 1 | |a Blahušiak, Martin | |